000 01674cam a22004694i 4500
003 PE-LiUPU
005 20250731184607.0
008 150616s r 000 0 d
020 _a8483909561
035 _a(Sirsi) i9788483909560
040 _aPE-LiUPU
_bspa
_cPE-LiUPU
_erda
049 _aPRUA
082 0 4 _a985.02
_bC23
_221
100 1 _aCantú, Francesca,
_eautor.
245 1 0 _aConciencia de América :
_bcrónicas de una memoria imposible /
_cFrancesca Cantú.
264 1 _aLima :
_bFondo Editorial,
_c1995.
300 _a242 páginas ;
_c21 centímetros
336 _atext
_2rdacontent
337 _aunmediated
_2rdamedia
338 _avolume
_2rdacarrier
505 0 _a"Mundo Nuevo" -- Descubrimiento y Conquista ade América -- Pizarro y Atahuallpa entre dos mundos -- La civilización de los Incas -- Crónicaas de una memoria imposible -- Titu Cusi Yupanqui.
526 _aP136
526 _aP135
526 _aP134
526 _aP133
526 _aP144
526 _aP143
526 _aP87
526 _aP35
526 _aP20
526 _aP14
526 _aP10
526 _aP06
651 _aPerú
_xHistoria
_yDescubrimiento y Conquista, 1522-1536.
910 _ajck
_bjvq
_cjck
942 _2ddc
_cBOOK
949 _a985.02 C23
_wDEWEY
_c1
_i41353
_lCCODEBUL1
_mBUL
_r0
_sY
_tBOOK
_u2015-6-16
_xEDUCACION
_PP20
_0COMPRA
_o.STAFF. Colección General
994 _aC0
_bPEPRU
596 _a1
999 _a985.02 C23
_wDEWEY
_c59123
_i41353
_f2021-11-8
_g5
_lCCODEBUL1
_mBUL
_r0
_sY
_tBOOK
_u2015-6-16
_xBIBLIOTECA
_PP20
_0COMPRA
_o.STAFF. Colección General
_d59123
980 _81
_gALBERTO SANCHEZ Responsable de Automatización